LIBRARY & INFORMATION CENTRE, KCAET, TAVANUR

ONLINE PUBLIC ACCESS CATALOGUE (OPAC)

Seventeenth century English poetry / (Record no. 5318)

MARC details
000 -LEADER
fixed length control field 00395cam a2200157ua 4500
041 ## - LANGUAGE CODE
Language code of text/sound track or separate title eng
082 ## - DEWEY DECIMAL CLASSIFICATION NUMBER
Classification number 828.09
Item number KEA/SE
100 ## - MAIN ENTRY--AUTHOR NAME
Personal name Keast, William R .
245 ## - TITLE STATEMENT
Title Seventeenth century English poetry /
250 ## - EDITION STATEMENT
Edition statement 1 /
260 ## - PUBLICATION, DISTRIBUTION, ETC. (IMPRINT)
Place of publication New York :
Name of publisher Galaxy Book ,
Year of publication 1962.
300 ## - PHYSICAL DESCRIPTION
Number of Pages 434 ; .
942 ## - ADDED ENTRY ELEMENTS (KOHA)
Koha item type Books
Holdings
Withdrawn status Lost status Damaged status Home library Current library Date acquired Cost, normal purchase price Full call number Accession Number Koha item type Public note
Withdrawn     KAUAET Sanskrit University 07/04/2012 15.00 828.09 6655 Books Transferred to Sanskrit University
free website counter